<?xml version="1.0" encoding="UTF-8"?>
<record
    xmlns:xsi="http://www.w3.org/2001/XMLSchema-instance"
    xsi:schemaLocation="http://www.loc.gov/MARC21/slim http://www.loc.gov/standards/marcxml/schema/MARC21slim.xsd"
    xmlns="http://www.loc.gov/MARC21/slim">

  <leader>01662nam a2200385 c 4500</leader>
  <controlfield tag="001">59755</controlfield>
  <controlfield tag="003">CO-BoRNBP</controlfield>
  <controlfield tag="005">20251104214500.0</controlfield>
  <controlfield tag="007">ta</controlfield>
  <controlfield tag="008">201209s2020    ck o|||er|||| 00| 0aspa d</controlfield>
  <datafield tag="020" ind1=" " ind2=" ">
    <subfield code="a">9789586656450</subfield>
  </datafield>
  <datafield tag="040" ind1=" " ind2=" ">
    <subfield code="a">CO-BoRNBP</subfield>
    <subfield code="b">spa</subfield>
    <subfield code="e">rda</subfield>
    <subfield code="c">CO-BoRNBP</subfield>
  </datafield>
  <datafield tag="041" ind1="0" ind2=" ">
    <subfield code="a">spa</subfield>
  </datafield>
  <datafield tag="082" ind1="0" ind2="4">
    <subfield code="a">923.31</subfield>
    <subfield code="b">C17c</subfield>
    <subfield code="2">22</subfield>
  </datafield>
  <datafield tag="100" ind1=" " ind2=" ">
    <subfield code="a">Castro Hinestroza, Rudecindo</subfield>
    <subfield code="d">1948-</subfield>
    <subfield code="e">aut</subfield>
    <subfield code="9">66509</subfield>
  </datafield>
  <datafield tag="245" ind1="1" ind2="0">
    <subfield code="a">Calle caliente :</subfield>
    <subfield code="b">memorias de un cimarr&#xF3;n contempor&#xE1;neo /</subfield>
    <subfield code="c">Rudecindo Castro, Carlos Andr&#xE9;s Meza ; pr&#xF3;logo de Jaime Arocha Rodr&#xED;guez.</subfield>
  </datafield>
  <datafield tag="250" ind1=" " ind2=" ">
    <subfield code="a">Edici&#xF3;n especial</subfield>
  </datafield>
  <datafield tag="264" ind1=" " ind2="1">
    <subfield code="a">Bogot&#xE1;, Colombia :</subfield>
    <subfield code="b">Siglo del Hombre Editores,</subfield>
    <subfield code="c">2020</subfield>
  </datafield>
  <datafield tag="300" ind1=" " ind2=" ">
    <subfield code="a">361 p&#xE1;ginas :</subfield>
    <subfield code="b">ilustraciones, fotograf&#xED;as</subfield>
  </datafield>
  <datafield tag="336" ind1=" " ind2=" ">
    <subfield code="2">rdacontent</subfield>
    <subfield code="a">texto</subfield>
    <subfield code="b">txt</subfield>
  </datafield>
  <datafield tag="337" ind1=" " ind2=" ">
    <subfield code="2">rdamedia</subfield>
    <subfield code="a">sin mediaci&#xF3;n</subfield>
    <subfield code="b">n</subfield>
  </datafield>
  <datafield tag="338" ind1=" " ind2=" ">
    <subfield code="2">rdacarrier</subfield>
    <subfield code="a">volumen</subfield>
    <subfield code="b">nc</subfield>
  </datafield>
  <datafield tag="490" ind1="0" ind2=" ">
    <subfield code="a">Plan Nacional de Lectura y Escritura Leer es mi Cuento / Ministerio de Cultura</subfield>
  </datafield>
  <datafield tag="504" ind1=" " ind2=" ">
    <subfield code="a">Incluye bibliograf&#xED;a al final del texto</subfield>
  </datafield>
  <datafield tag="521" ind1=" " ind2=" ">
    <subfield code="a">Recomendado para p&#xFA;blico adulto</subfield>
  </datafield>
  <datafield tag="600" ind1=" " ind2="0">
    <subfield code="a">Castro Hinestroza, Rudecindo</subfield>
    <subfield code="d">1948-</subfield>
    <subfield code="v">Biograf&#xED;as</subfield>
    <subfield code="9">66510</subfield>
  </datafield>
  <datafield tag="650" ind1="0" ind2="7">
    <subfield code="a">Afrocolombianos</subfield>
    <subfield code="x">Aspectos sociales</subfield>
    <subfield code="v">Biograf&#xED;as</subfield>
    <subfield code="2">LEMB</subfield>
    <subfield code="9">66511</subfield>
  </datafield>
  <datafield tag="650" ind1="0" ind2="7">
    <subfield code="a">Afrocolombianos</subfield>
    <subfield code="x">Costumbres y pr&#xE1;cticas</subfield>
    <subfield code="z">Pac&#xED;fico (Regi&#xF3;n, Colombia)</subfield>
    <subfield code="2">LEMB</subfield>
    <subfield code="9">66512</subfield>
  </datafield>
  <datafield tag="650" ind1="0" ind2="7">
    <subfield code="a">Identidad cultural</subfield>
    <subfield code="v">Relatos personales</subfield>
    <subfield code="z">Pac&#xED;fico (Regi&#xF3;n, Colombia)</subfield>
    <subfield code="2">lemb</subfield>
    <subfield code="9">66513</subfield>
  </datafield>
  <datafield tag="650" ind1="0" ind2="7">
    <subfield code="a">Movimientos sociales</subfield>
    <subfield code="x">Historia</subfield>
    <subfield code="z">Pac&#xED;fico (Regi&#xF3;n, Colombia)</subfield>
    <subfield code="2">lemb</subfield>
    <subfield code="9">66514</subfield>
  </datafield>
  <datafield tag="650" ind1="0" ind2="0">
    <subfield code="a">Pac&#xED;fico (Regi&#xF3;n, Colombia)</subfield>
    <subfield code="2">LEMB</subfield>
    <subfield code="9">61554</subfield>
  </datafield>
  <datafield tag="700" ind1=" " ind2=" ">
    <subfield code="a">Meza, Carlos Andr&#xE9;s</subfield>
    <subfield code="e">aut</subfield>
    <subfield code="9">66515</subfield>
  </datafield>
  <datafield tag="700" ind1=" " ind2=" ">
    <subfield code="a">Arocha Rodr&#xED;guez, Jaime</subfield>
    <subfield code="d">1945- ,</subfield>
    <subfield code="e">wfw</subfield>
    <subfield code="9">66516</subfield>
  </datafield>
  <datafield tag="942" ind1=" " ind2=" ">
    <subfield code="2">ddc</subfield>
    <subfield code="c">BK</subfield>
  </datafield>
  <datafield tag="999" ind1=" " ind2=" ">
    <subfield code="c">59755</subfield>
    <subfield code="d">59755</subfield>
  </datafield>
</record>
